<?xml version="1.0" encoding="UTF-8"?>
<record
    xmlns:xsi="http://www.w3.org/2001/XMLSchema-instance"
    xsi:schemaLocation="http://www.loc.gov/MARC21/slim http://www.loc.gov/standards/marcxml/schema/MARC21slim.xsd"
    xmlns="http://www.loc.gov/MARC21/slim">

  <leader>00788nam a22002297a 4500</leader>
  <controlfield tag="005">20260114093937.0</controlfield>
  <controlfield tag="008">251215b     mx |||||||| |||| 00| 0 spa d</controlfield>
  <datafield tag="020" ind1=" " ind2=" ">
    <subfield code="a">9701028821</subfield>
  </datafield>
  <datafield tag="050" ind1="0" ind2="4">
    <subfield code="a">RT85</subfield>
    <subfield code="b">R86 2000</subfield>
  </datafield>
  <datafield tag="100" ind1="1" ind2=" ">
    <subfield code="a">Rumbold, Graham.</subfield>
  </datafield>
  <datafield tag="240" ind1="1" ind2="0">
    <subfield code="a">Ethics in nursing practice.</subfield>
    <subfield code="l">Espa&#xF1;ol.</subfield>
  </datafield>
  <datafield tag="245" ind1="1" ind2="0">
    <subfield code="a">&#xC9;tica en enfermer&#xED;a</subfield>
    <subfield code="c"> / Graham Rumbold ; traducci&#xF3;n Ma. Teresa Aguillar.</subfield>
  </datafield>
  <datafield tag="250" ind1=" " ind2=" ">
    <subfield code="a">1a ed.</subfield>
  </datafield>
  <datafield tag="260" ind1=" " ind2=" ">
    <subfield code="a">M&#xE9;xico :</subfield>
    <subfield code="b">McGraw Hill Interamericana Editores,</subfield>
    <subfield code="c">2000.</subfield>
  </datafield>
  <datafield tag="300" ind1=" " ind2=" ">
    <subfield code="a">viii, 231 p. ;</subfield>
    <subfield code="c">21 cm.</subfield>
  </datafield>
  <datafield tag="500" ind1=" " ind2=" ">
    <subfield code="a">1a edici&#xF3;n en espa&#xF1;ol traducida de la 3a edici&#xF3;n en ingl&#xE9;s.</subfield>
  </datafield>
  <datafield tag="504" ind1=" " ind2=" ">
    <subfield code="a">Incluye bibliograf&#xED;a e &#xED;ndice.</subfield>
  </datafield>
  <datafield tag="650" ind1=" " ind2="7">
    <subfield code="2">lemb</subfield>
    <subfield code="a">&#xC9;tica m&#xE9;dica</subfield>
  </datafield>
  <datafield tag="650" ind1=" " ind2="4">
    <subfield code="a">&#xC9;tica en enfermer&#xED;a</subfield>
  </datafield>
  <datafield tag="700" ind1="1" ind2=" ">
    <subfield code="a">Aguillar, Ma. Teresa,</subfield>
    <subfield code="e">traductor</subfield>
  </datafield>
  <datafield tag="942" ind1=" " ind2=" ">
    <subfield code="2">lcc</subfield>
    <subfield code="c">LIB</subfield>
  </datafield>
  <datafield tag="999" ind1=" " ind2=" ">
    <subfield code="c">172502</subfield>
    <subfield code="d">172500</subfield>
  </datafield>
  <datafield tag="952" ind1=" " ind2=" ">
    <subfield code="1">0</subfield>
    <subfield code="2">lcc</subfield>
    <subfield code="4">0</subfield>
    <subfield code="7">0</subfield>
    <subfield code="a">LIC-012</subfield>
    <subfield code="b">LIC-012</subfield>
    <subfield code="c">GENERAL</subfield>
    <subfield code="d">2025-12-15</subfield>
    <subfield code="f">1a ed.</subfield>
    <subfield code="k">CS</subfield>
    <subfield code="l">0</subfield>
    <subfield code="o">RT85 R86 r2004</subfield>
    <subfield code="p">ENT000005114</subfield>
    <subfield code="r">2025-12-15 12:59:51</subfield>
    <subfield code="t">1</subfield>
    <subfield code="v">1.00</subfield>
    <subfield code="y">LIB</subfield>
  </datafield>
  <datafield tag="952" ind1=" " ind2=" ">
    <subfield code="1">0</subfield>
    <subfield code="2">lcc</subfield>
    <subfield code="4">0</subfield>
    <subfield code="7">0</subfield>
    <subfield code="a">LIC-012</subfield>
    <subfield code="b">LIC-012</subfield>
    <subfield code="c">GENERAL</subfield>
    <subfield code="d">2025-12-15</subfield>
    <subfield code="f">1a ed.</subfield>
    <subfield code="k">CS</subfield>
    <subfield code="l">0</subfield>
    <subfield code="o">RT85 R86 r2004</subfield>
    <subfield code="p">ENT000005115</subfield>
    <subfield code="r">2025-12-15 12:59:00</subfield>
    <subfield code="t">2</subfield>
    <subfield code="v">1.00</subfield>
    <subfield code="y">LIB</subfield>
  </datafield>
  <datafield tag="952" ind1=" " ind2=" ">
    <subfield code="1">0</subfield>
    <subfield code="2">lcc</subfield>
    <subfield code="4">0</subfield>
    <subfield code="7">0</subfield>
    <subfield code="a">LIC-012</subfield>
    <subfield code="b">LIC-012</subfield>
    <subfield code="c">GENERAL</subfield>
    <subfield code="d">2025-12-15</subfield>
    <subfield code="f">1a ed.</subfield>
    <subfield code="k">CS</subfield>
    <subfield code="l">0</subfield>
    <subfield code="o">RT85 R86 r2004</subfield>
    <subfield code="p">ENT000005116</subfield>
    <subfield code="r">2025-12-15 12:59:00</subfield>
    <subfield code="t">3</subfield>
    <subfield code="v">1.00</subfield>
    <subfield code="y">LIB</subfield>
  </datafield>
</record>
